[Event "TUR-ch Men 2018"]
[Site "Kemer"]
[Date "2018.10.17"]
[Round "1.1"]
[White "Gunduz, Umut Erdem"]
[Black "Erdogdu, Mert"]
[Result "0-1"]
[WhiteElo "2205"]
[BlackElo "2406"]
[Annotator "NA"]
[PlyCount "80"]
[EventDate "2018.10.26"]
[EventType "tourn"]
[EventCountry "TUR"]
[SourceTitle "playchess.com"]
[Source "ChessBase"]
[SourceQuality "1"]
[TimeControl "5400+30"]

1. e4 {[%emt 0:00:30]} c5 {[%emt 0:00:30]} 2. Nf3 {[%emt 0:00:00]} d6 {[%emt 0:00:00]} 3. d4 {[%emt 0:00:00]} cxd4 {[%emt 0:01:00]} 4. Nxd4 {[%emt 0:00:00]} Nf6 {[%emt 0:00:00]} 5. f3 {[%emt 0:00:00]} e5 {[%emt 0:01:00]} 6. Nb3 {[%emt 0:00:00]} Be7 {[%emt 0:00:30]} 7. c4 {[%emt 0:01:00]} a5 {[%emt 0:00:30]} 8. a4 {[%emt 0:04:30] LiveBook: 5 Games} Nc6 {[%emt 0:02:30]} 9. Be3 {[%emt 0:01:30]} Be6 {[%emt 0:00:00]} 10. Be2 {[%emt 0:03:30]} Rc8 {[%emt 0:04:00]} 11. O-O {[%emt 0:04:30]} Nb4 {[%emt 0:07:30]} 12. Na3 {[%emt 0:09:30]} O-O {[%emt 0:00:30]} 13. Qd2 {[%emt 0:20:30]} Ne8 {[%emt 0:07:30]} 14. Rad1 $11 {[%emt 0:05:30]} h6 {[%emt 0:16:30]} 15. Rfe1 {[%emt 0:08:30]} Bg5 {[%emt 0:02:30]} 16. Bf1 {[%emt 0:06:30]} Bxe3+ {[%emt 0:14:30]} 17. Qxe3 {[%emt 0:03:30]} Bd7 {[%emt 0:00:30]} 18. Nd2 {[%emt 0:22:22]} Bxa4 {[%emt 0:02:30]} 19. b3 {[%emt 0:00:08]} Bc6 {[%emt 0:00:30]} 20. Ndb1 {[%emt 0:00:14]} Na6 {[%emt 0:03:30]} 21. Nc3 {[%emt 0:00:52]} Nc5 {[%emt 0:01:30]} 22. Ncb5 {[%emt 0:02:40]} Qg5 {[%emt 0:10:30]} 23. Na7 {[%emt 0:05:10]} Rd8 {[%emt 0:03:53]} 24. Qc3 {[%emt 0:00:27]} f5 {[%emt 0:04:10]} 25. exf5 {[%emt 0:00:31]} Rxf5 {[%emt 0:00:08]} 26. Nxc6 {[%emt 0:00:30]} bxc6 {[%emt 0:00:06]} 27. Nc2 {[%emt 0:00:33]} Rb8 {[%emt 0:04:04]} 28. b4 {[%emt 0:00:24]} axb4 {[%emt 0:01:38]} 29. Nxb4 {[%emt 0:00:02]} Rb6 {[%emt 0:00:51]} 30. Ra1 {[%emt 0:00:52]} Rf8 {[%emt 0:01:44]} 31. Ra8 {[%emt 0:00:41]} e4 {[%emt 0:04:09]} 32. fxe4 {[%emt 0:00:30]} Qf4 33. Raa1 {[%emt 0:00:33]} Qf2+ {[%emt 0:02:00]} 34. Kh1 {[%emt 0:00:01]} Nxe4 {[%emt 0:00:19]} 35. Qa3 {[%emt 0:00:59]} Qd4 {[%emt 0:01:52]} 36. Nd3 {[%emt 0:00:24]} N8f6 {[%emt 0:01:34]} 37. Qa7 {[%emt 0:00:33]} Rf7 {[%emt 0:01:10]} 38. Qa2 {[%emt 0:00:27]} Rb8 {[%emt 0:01:38]} 39. Rad1 {[%emt 0:00:36]} Ng4 {[%emt 0:00:41]} 40. h3 {[%emt 0:00:00]} Ng3# {[%emt 0:00:00]} 0-1

[Event "TUR-ch Men 2018"]
[Site "Kemer"]
[Date "2018.10.17"]
[Round "1.2"]
[White "Zor, Alber Kadir"]
[Black "Ozen, Deniz"]
[Result "0-1"]
[WhiteElo "2167"]
[BlackElo "2411"]
[Annotator "NA"]
[PlyCount "116"]
[EventDate "2018.10.26"]
[EventType "tourn"]
[EventCountry "TUR"]
[SourceTitle "playchess.com"]
[Source "ChessBase"]
[SourceQuality "1"]
[TimeControl "5400+30"]

1. e4 {[%emt 0:00:30]} e6 {[%emt 0:00:30]} 2. d4 {[%emt 0:00:00]} d5 {[%emt 0:00:00]} 3. Nd2 {[%emt 0:00:00]} c5 {[%emt 0:01:00]} 4. exd5 {[%emt 0:00:00]} exd5 {[%emt 0:01:30]} 5. Ngf3 {[%emt 0:06:00]} a6 {[%emt 0:00:30]} 6. dxc5 {[%emt 0:03:30]} Bxc5 {[%emt 0:00:30]} 7. Bd3 {[%emt 0:00:30]} Qe7+ {[%emt 0:03:30] C08: French Tarrasch: 3...c5 4 exd5 exd5 sidelines} (7... Nf6 8. O-O O-O 9. h3 Nc6 10. Nb3 Bb6 11. Re1 Ne4 12. Be3 Bc7 13. c4 Be6 14. Nc5 Nxc5 15. Bxc5 Re8 {0-1 (53) Hammer,J (2677)-Topalov,V (2798) Stavanger 2015}) 8. Qe2 {[%emt 0:04:30]} Qxe2+ {[%emt 0:00:00] LiveBook: 6 Games} 9. Kxe2 {[%emt 0:00:30]} Nf6 {[%emt 0:02:00]} 10. h3 {[%emt 0:04:30]} O-O {[%emt 0:02:30]} 11. Re1 {[%emt 0:00:30]} Re8+ {[%emt 0:11:30]} 12. Kf1 {[%emt 0:03:30]} Rxe1+ {[%emt 0:00:30]} 13. Kxe1 {[%emt 0:00:00]} Nc6 {[%emt 0:06:30]} 14. c3 {[%emt 0:08:00]} Bd7 {[%emt 0:04:30]} 15. Nb3 {[%emt 0:05:30]} Re8+ $146 {[%emt 0:00:30]} 16. Kf1 {[%emt 0:00:00]} Ba7 $11 {[%emt 0:03:30]} 17. Bf4 {[%emt 0:06:00]} Ne4 {[%emt 0:07:30]} 18. Nbd4 {[%emt 0:07:30]} Nc5 {[%emt 0:06:30]} 19. Be2 {[%emt 0:18:30]} Nxd4 {[%emt 0:03:30]} 20. Nxd4 {[%emt 0:02:30]} Na4 {[%emt 0:05:30]} 21. Bf3 {[%emt 0:03:30]} Nxb2 {[%emt 0:08:30]} 22. Bxd5 {[%emt 0:00:30]} b5 {[%emt 0:06:30]} 23. Be3 {[%emt 0:10:16]} Na4 {[%emt 0:05:05]} 24. Rc1 {[%emt 0:01:31]} Rc8 {[%emt 0:07:08]} 25. Ne2 {[%emt 0:04:50]} Bxe3 {[%emt 0:00:46]} 26. fxe3 {[%emt 0:00:03]} Kf8 {[%emt 0:01:19]} 27. c4 {[%emt 0:03:20]} Nb6 {[%emt 0:04:13]} 28. Bb7 {[%emt 0:01:19]} Rxc4 {[%emt 0:00:30]} 29. Rd1 {[%emt 0:03:44]} Rc7 {[%emt 0:02:07]} 30. Be4 {[%emt 0:01:41]} Ke7 {[%emt 0:00:42]} 31. Nf4 {[%emt 0:00:59]} g6 {[%emt 0:00:54]} 32. Ke2 {[%emt 0:00:43]} Rc5 {[%emt 0:01:52]} 33. Bd3 {[%emt 0:01:10]} Nd5 {[%emt 0:00:52]} 34. Nxd5+ {[%emt 0:01:13]} Rxd5 {[%emt 0:00:01]} 35. Rc1 {[%emt 0:00:00]} Kd6 {[%emt 0:00:36]} 36. Be4 {[%emt 0:00:33]} Rc5 {[%emt 0:00:12]} 37. Rd1+ {[%emt 0:00:26]} Ke7 {[%emt 0:00:01]} 38. Rd2 {[%emt 0:00:36]} Be6 {[%emt 0:00:06]} 39. Rb2 {[%emt 0:00:27]} a5 {[%emt 0:01:27]} 40. Bd3 {[%emt 0:00:00]} b4 {[%emt 0:00:00]} 41. Bc2 {[%emt 0:00:00]} Kd6 {[%emt 0:00:00]} 42. Bb3 {[%emt 0:00:00]} Bxb3 {[%emt 0:00:00]} 43. axb3 {[%emt 0:00:00]} Kc6 {[%emt 0:00:00]} 44. Kd3 {[%emt 0:00:00]} Rc3+ {[%emt 0:00:00]} 45. Kd4 {[%emt 0:00:00]} Kb5 {[%emt 0:00:00]} 46. e4 {[%emt 0:00:00]} Rc7 {[%emt 0:00:00]} 47. Ra2 {[%emt 0:00:00]} Ra7 {[%emt 0:00:00]} 48. e5 {[%emt 0:00:00]} a4 {[%emt 0:00:00]} 49. bxa4+ {[%emt 0:00:04]} Rxa4 {[%emt 0:00:00]} 50. Rf2 {[%emt 0:00:00]} Ra7 {[%emt 0:00:00]} 51. Kd3 {[%emt 0:00:03]} Rc7 {[%emt 0:00:00]} 52. Rb2 {[%emt 0:02:29]} Ka4 {[%emt 0:00:00]} 53. Ra2+ {[%emt 0:03:23]} Kb3 {[%emt 0:00:00]} 54. Ra6 {[%emt 0:00:16]} Kb2 {[%emt 0:00:00]} 55. g4 {[%emt 0:01:35]} b3 {[%emt 0:00:00]} 56. Kd2 {[%emt 0:00:19]} Kb1 {[%emt 0:00:00]} 57. Ra5 {[%emt 0:00:48]} Rd7+ {[%emt 0:00:00]} 58. Ke1 {[%emt 0:01:09]} b2 {[%emt 0:00:00]} 0-1

[Event "TUR-ch Men 2018"]
[Site "Kemer"]
[Date "2018.10.17"]
[Round "1.3"]
[White "Yilmazyerli, Mert"]
[Black "Gulbas, Cemil"]
[Result "1/2-1/2"]
[WhiteElo "2442"]
[BlackElo "2393"]
[Annotator "NA"]
[PlyCount "69"]
[EventDate "2018.10.26"]
[EventType "tourn"]
[EventCountry "TUR"]
[SourceTitle "playchess.com"]
[Source "ChessBase"]
[SourceQuality "1"]
[TimeControl "5400+30"]

1. e4 {[%emt 0:00:30]} e6 {[%emt 0:02:30]} 2. d4 {[%emt 0:00:30]} d5 {[%emt 0:00:30]} 3. Nd2 {[%emt 0:00:00]} h6 {[%emt 0:02:30]} 4. Bd3 {[%emt 0:03:00]} Nf6 {[%emt 0:05:30]} 5. e5 {[%emt 0:02:30]} Nfd7 {[%emt 0:00:30] LiveBook: 5 Games} 6. Ne2 {[%emt 0:00:00]} c5 {[%emt 0:07:30]} 7. c3 {[%emt 0:00:00]} b6 {[%emt 0:00:30]} 8. O-O {[%emt 0:09:30]} Ba6 {[%emt 0:12:30]} 9. Bxa6 {[%emt 0:01:30]} Nxa6 {[%emt 0:00:30]} 10. f4 {[%emt 0:00:00]} g6 {[%emt 0:10:30]} 11. Nf3 {[%emt 0:00:00]} Be7 $16 {[%emt 0:17:30]} 12. Be3 {[%emt 0:02:30]} Nc7 {[%emt 0:05:30]} 13. g4 {[%emt 0:07:30]} h5 {[%emt 0:08:30]} 14. h3 {[%emt 0:00:30]} Qc8 {[%emt 0:00:30]} 15. Ng3 {[%emt 0:00:30]} hxg4 {[%emt 0:02:30]} 16. hxg4 {[%emt 0:00:00]} Qa6 {[%emt 0:00:46]} 17. Kg2 {[%emt 0:03:00]} O-O-O {[%emt 0:02:49]} 18. Qe2 {[%emt 0:15:30]} Qxe2+ {[%emt 0:04:11]} 19. Nxe2 {[%emt 0:01:30]} Rh7 {[%emt 0:00:08]} 20. Rh1 {[%emt 0:03:30]} Rdh8 {[%emt 0:00:13]} 21. Rxh7 {[%emt 0:01:30]} Rxh7 {[%emt 0:00:07]} 22. Ng3 {[%emt 0:00:30]} Kd8 {[%emt 0:07:45]} 23. Re1 {[%emt 0:01:30]} c4 {[%emt 0:01:34]} 24. Bd2 {[%emt 0:12:30]} b5 {[%emt 0:01:30]} 25. f5 {[%emt 0:05:30]} gxf5 {[%emt 0:00:18]} 26. gxf5 {[%emt 0:00:30]} exf5 {[%emt 0:01:05]} 27. Nxf5 {[%emt 0:02:30]} Ne6 {[%emt 0:00:24]} 28. Rg1 {[%emt 0:05:30]} Ndf8 {[%emt 0:01:38]} 29. a4 {[%emt 0:01:30]} bxa4 {[%emt 0:00:49]} 30. Ra1 {[%emt 0:00:30]} a3 {[%emt 0:00:52]} 31. bxa3 {[%emt 0:00:30]} Ng6 {[%emt 0:00:11]} 32. Kg3 {[%emt 0:01:43]} Kc7 {[%emt 0:00:59]} 33. Rb1 {[%emt 0:01:50]} a6 {[%emt 0:00:09]} 34. a4 {[%emt 0:00:38]} Rh8 {[%emt 0:01:03]} 35. Be3 {[%emt 0:12:06]} 1/2-1/2

[Event "TUR-ch Men 2018"]
[Site "Kemer"]
[Date "2018.10.17"]
[Round "1.4"]
[White "Apaydin, Fethi"]
[Black "Soysal, Serkan"]
[Result "1/2-1/2"]
[WhiteElo "2353"]
[BlackElo "2415"]
[Annotator "NA"]
[PlyCount "123"]
[EventDate "2018.10.26"]
[EventType "tourn"]
[EventCountry "TUR"]
[SourceTitle "playchess.com"]
[Source "ChessBase"]
[SourceQuality "1"]
[TimeControl "5400+30"]

1. e4 {[%emt 0:02:30]} e5 {[%emt 0:00:30]} 2. Nc3 {[%emt 0:00:00]} Nf6 {[%emt 0:00:30]} 3. Nf3 {[%emt 0:02:00]} Nc6 {[%emt 0:00:30]} 4. d4 {[%emt 0:02:30]} exd4 {[%emt 0:01:30]} 5. Nxd4 {[%emt 0:00:00]} Bc5 {[%emt 0:00:00]} 6. Be3 {[%emt 0:02:00]} Bb6 {[%emt 0:00:00]} 7. Qd2 {[%emt 0:00:30]} O-O {[%emt 0:00:30]} 8. O-O-O {[%emt 0:07:30]} Re8 {[%emt 0:00:30]} 9. f3 {[%emt 0:00:30]} d5 {[%emt 0:00:30]} 10. exd5 {[%emt 0:09:30]} Nxd5 {[%emt 0:00:30]} 11. Bg5 {[%emt 0:03:30] LiveBook: 5 Games} f6 {[%emt 0:15:30]} 12. Bc4 {[%emt 0:00:30]} Nxd4 {[%emt 0:00:30]} 13. Nxd5 {[%emt 0:11:30]} Be6 {[%emt 0:00:30] [#]} 14. Bxf6 $1 {[%emt 0:08:30]} gxf6 {[%emt 0:00:30]} 15. Nxb6 {[%emt 0:00:30]} axb6 {[%emt 0:00:30]} 16. Qxd4 {[%emt 0:00:00]} Qxd4 {[%emt 0:00:30]} 17. Rxd4 {[%emt 0:00:00]} Bxc4 {[%emt 0:00:00]} 18. Rxc4 {[%emt 0:00:00]} Rxa2 {[%emt 0:03:00]} 19. Kd2 $11 {[%emt 0:02:00]} ({Nur nicht} 19. Kb1 $2 Rea8 $19) 19... c5 {[%emt 0:07:30]} 20. b3 {[%emt 0:06:30]} Re5 {[%emt 0:16:30]} 21. Ra4 {[%emt 0:07:30]} Rxa4 {[%emt 0:04:30]} 22. bxa4 {[%emt 0:00:00]} Rg5 {[%emt 0:26:30]} 23. g3 {[%emt 0:13:00]} Rd5+ {[%emt 0:00:30]} 24. Ke3 {[%emt 0:05:57]} Re5+ {[%emt 0:11:11]} 25. Kd3 {[%emt 0:00:06]} Rd5+ {[%emt 0:00:27]} 26. Ke3 {[%emt 0:05:25]} Re5+ {[%emt 0:00:29]} 27. Kf4 {[%emt 0:01:58]} Kf7 {[%emt 0:04:13]} 28. Rb1 {[%emt 0:01:44]} Re6 {[%emt 0:00:17]} 29. h4 {[%emt 0:04:43]} h5 {[%emt 0:01:47]} 30. a5 {[%emt 0:03:32]} bxa5 {[%emt 0:00:05]} 31. Rxb7+ {[%emt 0:00:03]} Kg6 {[%emt 0:00:08]} 32. Rb5 {[%emt 0:01:14]} Ra6 {[%emt 0:00:14]} 33. Rb3 {[%emt 0:00:22]} Re6 {[%emt 0:04:54]} 34. Rb5 {[%emt 0:00:27]} Ra6 {[%emt 0:00:09]} 35. Ke4 {[%emt 0:00:43]} a4 {[%emt 0:00:26]} 36. Rb2 {[%emt 0:00:05]} Rd6 {[%emt 0:00:45]} 37. Ke3 {[%emt 0:01:04]} Rd1 {[%emt 0:00:58]} 38. Ra2 {[%emt 0:00:26]} Rc1 {[%emt 0:00:34]} 39. Ke4 {[%emt 0:00:27]} Re1+ {[%emt 0:00:26]} 40. Kd5 {[%emt 0:00:00]} Re5+ {[%emt 0:00:00]} 41. Kc4 {[%emt 0:00:00]} Re3 {[%emt 0:00:00]} 42. Rxa4 {[%emt 0:00:00]} Rxf3 {[%emt 0:00:00]} 43. Kxc5 {[%emt 0:00:00]} Rxg3 {[%emt 0:00:00]} 44. Kd5 {[%emt 0:00:00]} Rc3 {[%emt 0:00:00]} 45. Rc4 {[%emt 0:00:00]} Rh3 {[%emt 0:00:00]} 46. Re4 {[%emt 0:00:00]} Rc3 {[%emt 0:00:00]} 47. Re2 {[%emt 0:00:00]} Kf5 {[%emt 0:00:00]} 48. Kd4 {[%emt 0:01:20]} Rc8 {[%emt 0:00:00]} 49. c4 {[%emt 0:03:25]} Rd8+ {[%emt 0:00:00]} 50. Kc5 {[%emt 0:00:32]} Kg4 {[%emt 0:00:00]} 51. Re4+ {[%emt 0:00:46]} Kg3 {[%emt 0:00:00]} 52. Kb6 {[%emt 0:00:23]} f5 {[%emt 0:00:00]} 53. Re5 {[%emt 0:00:11]} Rf8 {[%emt 0:02:05]} 54. c5 {[%emt 0:00:16]} Kxh4 {[%emt 0:00:35]} 55. c6 {[%emt 0:00:07]} Kg4 {[%emt 0:00:27]} 56. c7 {[%emt 0:00:22]} f4 {[%emt 0:00:14]} 57. Rd5 {[%emt 0:01:24]} Rc8 {[%emt 0:02:06]} 58. Rd8 {[%emt 0:00:01]} Rxc7 {[%emt 0:00:20]} 59. Kxc7 {[%emt 0:00:01]} f3 {[%emt 0:00:54]} 60. Rg8+ {[%emt 0:00:21]} Kh3 {[%emt 0:01:26]} 61. Rf8 {[%emt 0:00:29]} Kg2 {[%emt 0:00:05]} 62. Rg8+ {[%emt 0:00:06]} 1/2-1/2

[Event "TUR-ch Men 2018"]
[Site "Kemer"]
[Date "2018.10.17"]
[Round "1.5"]
[White "Soylu, Suat"]
[Black "Baglan, Esat"]
[Result "1/2-1/2"]
[WhiteElo "2327"]
[BlackElo "2343"]
[Annotator "NA"]
[PlyCount "78"]
[EventDate "2018.10.26"]
[EventType "tourn"]
[EventCountry "TUR"]
[SourceTitle "playchess.com"]
[Source "ChessBase"]
[SourceQuality "1"]
[TimeControl "5400+30"]

1. Nf3 {[%emt 0:00:30]} d5 {[%emt 0:01:30]} 2. c4 {[%emt 0:00:30]} c6 {[%emt 0:03:30]} 3. d4 {[%emt 0:00:30]} Nf6 {[%emt 0:00:30]} 4. Nc3 {[%emt 0:00:30]} e6 {[%emt 0:00:30]} 5. cxd5 {[%emt 0:02:30]} exd5 {[%emt 0:01:30]} 6. Qc2 {[%emt 0:01:30]} Na6 {[%emt 0:09:30]} 7. Bg5 {[%emt 0:03:30]} Nb4 $14 {[%emt 0:27:30] LiveBook: 14 Games} 8. Qb3 {[%emt 0:15:30]} Bf5 {[%emt 0:12:30]} 9. Rc1 {[%emt 0:00:30]} Qb6 {[%emt 0:00:30]} 10. Bxf6 {[%emt 0:02:30]} gxf6 {[%emt 0:04:30]} 11. Qd1 {[%emt 0:16:30]} Na6 {[%emt 0:24:04]} 12. Qd2 {[%emt 0:06:30]} Rg8 {[%emt 0:00:20]} 13. g3 {[%emt 0:05:30]} Nc7 {[%emt 0:03:35]} 14. Bg2 {[%emt 0:05:30]} Ne6 {[%emt 0:02:12]} 15. O-O {[%emt 0:01:30]} Be4 {[%emt 0:02:02]} 16. e3 {[%emt 0:03:30]} Bb4 {[%emt 0:01:39]} 17. Qe2 {[%emt 0:03:30]} Bxc3 {[%emt 0:00:50]} 18. bxc3 {[%emt 0:03:30]} O-O-O {[%emt 0:00:43]} 19. Nh4 {[%emt 0:01:30]} Bxg2 {[%emt 0:00:58]} 20. Kxg2 {[%emt 0:00:30]} Qc7 {[%emt 0:00:28]} 21. Qf3 {[%emt 0:13:47]} Qe7 {[%emt 0:00:08]} 22. c4 {[%emt 0:02:04]} Ng5 {[%emt 0:00:20]} 23. Qf5+ {[%emt 0:01:17]} Qe6 {[%emt 0:00:39]} 24. c5 {[%emt 0:00:17]} h5 {[%emt 0:01:08]} 25. f4 {[%emt 0:02:00]} Ne4 {[%emt 0:00:21]} 26. Rc2 {[%emt 0:02:05]} Kb8 {[%emt 0:00:46]} 27. Rf3 {[%emt 0:02:12]} Rh8 {[%emt 0:00:41]} 28. Qxe6 {[%emt 0:00:56]} fxe6 {[%emt 0:00:01]} 29. f5 {[%emt 0:00:21]} Rhe8 {[%emt 0:00:54]} 30. fxe6 {[%emt 0:01:12]} Rxe6 {[%emt 0:00:02]} 31. Nf5 {[%emt 0:00:18]} Rg8 {[%emt 0:00:28]} 32. Rf4 {[%emt 0:00:48]} Kc7 {[%emt 0:00:10]} 33. Rf1 {[%emt 0:00:49]} b6 {[%emt 0:00:30]} 34. cxb6+ {[%emt 0:01:06]} axb6 {[%emt 0:00:01]} 35. Rfc1 {[%emt 0:00:17]} Rg5 {[%emt 0:00:40]} 36. Nh4 {[%emt 0:00:24]} Rg8 {[%emt 0:01:12]} 37. Nf5 {[%emt 0:00:16]} Rg5 {[%emt 0:00:40]} 38. Nh4 {[%emt 0:00:04]} Rg8 {[%emt 0:00:51]} 39. Nf5 {[%emt 0:00:10]} Rg5 {[%emt 0:00:25]} 1/2-1/2

[Event "TUR-ch Men 2018"]
[Site "Kemer"]
[Date "2018.10.17"]
[Round "1.6"]
[White "Koksal, Ege"]
[Black "Sevgi, Volkan"]
[Result "1-0"]
[WhiteElo "2351"]
[BlackElo "2296"]
[Annotator "NA"]
[PlyCount "105"]
[EventDate "2018.10.26"]
[EventType "tourn"]
[EventCountry "TUR"]
[SourceTitle "playchess.com"]
[Source "ChessBase"]
[SourceQuality "1"]
[TimeControl "5400+30"]

1. d4 {[%emt 0:00:30]} f5 {[%emt 0:00:30]} 2. g3 {[%emt 0:02:30]} Nf6 {[%emt 0:00:30]} 3. Bg2 {[%emt 0:00:30]} g6 {[%emt 0:00:30]} 4. h4 {[%emt 0:08:30]} Bg7 {[%emt 0:10:30]} 5. Nh3 {[%emt 0:00:30] LiveBook: 7 Games} Nc6 {[%emt 0:05:30]} 6. Nc3 {[%emt 0:09:30]} d5 {[%emt 0:09:30]} 7. Bf4 {[%emt 0:10:30]} Ne4 $14 {[%emt 0:16:30]} 8. Nb5 {[%emt 0:05:30]} Nd6 {[%emt 0:00:30]} 9. Qd3 {[%emt 0:21:30]} a6 {[%emt 0:14:30]} 10. Nxd6+ {[%emt 0:02:30]} cxd6 {[%emt 0:00:30]} 11. c3 {[%emt 0:02:30]} e6 {[%emt 0:03:30]} 12. Qe3 {[%emt 0:00:30]} Kf8 {[%emt 0:18:56]} 13. Bh6 {[%emt 0:03:30]} Bd7 {[%emt 0:02:07]} 14. h5 {[%emt 0:00:30]} Qe7 {[%emt 0:01:53]} 15. O-O-O {[%emt 0:03:30]} Bxh6 {[%emt 0:05:08]} 16. Qxh6+ {[%emt 0:00:00]} Qg7 {[%emt 0:00:00]} 17. Qg5 {[%emt 0:04:00]} h6 {[%emt 0:05:43]} 18. Qf4 {[%emt 0:08:52]} e5 {[%emt 0:01:57]} 19. Qd2 {[%emt 0:00:42]} Be6 {[%emt 0:00:44]} 20. Qe3 {[%emt 0:02:48]} Ne7 {[%emt 0:00:30]} 21. hxg6 {[%emt 0:00:31]} Qf6 {[%emt 0:00:30]} 22. Bf3 {[%emt 0:03:40]} Kg7 {[%emt 0:00:14]} 23. Bh5 {[%emt 0:00:04]} b5 {[%emt 0:00:23]} 24. Ng1 {[%emt 0:00:48]} f4 {[%emt 0:00:45]} 25. dxe5 {[%emt 0:01:40]} dxe5 {[%emt 0:00:21]} 26. gxf4 {[%emt 0:00:04]} exf4 {[%emt 0:00:42]} 27. Qd4 {[%emt 0:00:05]} Nf5 {[%emt 0:00:35]} 28. Qxf4 {[%emt 0:01:32]} d4 {[%emt 0:00:14]} 29. Nf3 {[%emt 0:03:32]} dxc3 {[%emt 0:00:50]} 30. Qe5 {[%emt 0:00:07]} Rac8 {[%emt 0:00:07]} 31. e4 {[%emt 0:00:42]} Ne7 {[%emt 0:00:46]} 32. Rd6 {[%emt 0:00:27]} Qxe5 {[%emt 0:00:22]} 33. Nxe5 {[%emt 0:00:30]} Bxa2 {[%emt 0:00:02]} 34. bxc3 {[%emt 0:00:29]} Rhf8 {[%emt 0:01:08]} 35. Rd7 {[%emt 0:01:24]} Rfe8 {[%emt 0:00:28]} 36. f4 {[%emt 0:00:22]} Be6 {[%emt 0:00:19]} 37. Rd6 {[%emt 0:00:22]} Bg8 {[%emt 0:00:09]} 38. Kb2 {[%emt 0:00:32]} Rc7 {[%emt 0:00:41]} 39. Rg1 {[%emt 0:00:22]} b4 {[%emt 0:00:09]} 40. f5 {[%emt 0:00:00]} bxc3+ {[%emt 0:00:00]} 41. Kc1 {[%emt 0:00:00]} Rf8 {[%emt 0:00:00]} 42. Nf7 {[%emt 0:00:00]} Bxf7 {[%emt 0:00:00]} 43. f6+ {[%emt 0:00:00]} Kg8 {[%emt 0:00:00]} 44. gxf7+ {[%emt 0:00:00]} Kh7 {[%emt 0:00:00]} 45. fxe7 {[%emt 0:00:00]} Rxe7 {[%emt 0:00:00]} 46. Rxa6 {[%emt 0:00:00]} Re5 {[%emt 0:00:00]} 47. Bg6+ {[%emt 0:00:00]} Kg7 {[%emt 0:00:00]} 48. Bf5+ {[%emt 0:00:00]} Kxf7 {[%emt 0:00:00]} 49. Rxh6 {[%emt 0:00:00]} Ra5 {[%emt 0:00:00]} 50. Rgg6 {[%emt 0:00:00]} Rfa8 {[%emt 0:00:00]} 51. Rh7+ {[%emt 0:00:00]} Kf8 {[%emt 0:00:00]} 52. Rh8+ {[%emt 0:00:00]} Kf7 {[%emt 0:00:00]} 53. Kc2 {[%emt 0:00:00]} 1-0

[Event "TUR-ch Men 2018"]
[Site "Kemer"]
[Date "2018.10.17"]
[Round "2.1"]
[White "Erdogdu, Mert"]
[Black "Sevgi, Volkan"]
[Result "1/2-1/2"]
[WhiteElo "2406"]
[BlackElo "2296"]
[Annotator "TA"]
[PlyCount "51"]
[EventDate "2018.10.26"]
[EventType "tourn"]
[EventCountry "TUR"]
[SourceTitle "playchess.com"]
[Source "ChessBase"]
[SourceQuality "1"]

{[%evp 38,51,0,0,0,0,0,0,0,0,0,0,0,0,0,0]} 1. e4 c5 2. Nf3 d6 3. d4 cxd4 4. Nxd4 Nf6 5. Nc3 g6 6. Be3 Bg7 7. f3 Nc6 8. Qd2 O-O 9. Bc4 Bd7 10. h4 h5 11. O-O-O Ne5 12. Bb3 Rc8 13. Bg5 Rc5 14. f4 Nc4 15. Qd3 Ng4 16. Bxc4 {B78: Sizilianisch (Moderne Drachen-Variante)} Nf2 17. Qe2 Nxh1 18. Bb3 Bg4 (18... Qb6 19. f5 Bxd4 20. Rxd4 Rxf5 21. exf5 Qxd4 22. Qe1 Bxf5 23. Qxh1 e6 {1-0 (47) Macieja,B (2636)-Jones,G (2575) Warsaw 2010}) 19. Nf3 Rxc3 20. bxc3 {LiveBook: 3 Partien. Die Stellung ist ausgeglichen.} Qa5 21. Rxh1 Qxc3 22. Rd1 {Schwarz muss nun Dd3 beachten.} Qb2+ $146 23. Kd2 {[#] Ke1 ist eine echte Drohung.} Qc3+ 24. Kc1 {Droht Dd3 und aus.} Qb2+ 25. Kd2 {zielt auf Ke1 ab.} Qc3+ 26. Kc1 1/2-1/2

[Event "TUR-ch Men 2018"]
[Site "Kemer"]
[Date "2018.10.17"]
[Round "2.2"]
[White "Baglan, Esat"]
[Black "Koksal, Ege"]
[Result "1-0"]
[WhiteElo "2343"]
[BlackElo "2351"]
[Annotator "TA"]
[PlyCount "61"]
[EventDate "2018.10.26"]
[EventType "tourn"]
[EventCountry "TUR"]
[SourceTitle "playchess.com"]
[Source "ChessBase"]
[SourceQuality "1"]

{[%evp 16,61,30,18,37,8,9,-12,-10,-17,-10,-7,0,-14,27,0,31,0,27,6,33,32,31,4,6,4,21,4,13,9,87,104,97,100,102,81,485,491,491,498,492,490,29995,29996,29996,29997,29998,29999]} 1. e4 c6 2. d4 d5 3. e5 Bf5 4. Nf3 e6 5. Be2 Ne7 {[%cal Bg8e7,Be7f5,Bf5h4][%mdl 32]} 6. O-O Nd7 7. c3 Bg6 {B12: Caro-Kann: Advance Variation} 8. Na3 Nf5 9. Nc2 {LiveBook: 17 Games} Rc8 $146 {The position is equal.} ({Predecessor:} 9... Qc7 10. Nce1 h6 11. Nd3 Bh7 12. a4 c5 13. a5 g5 14. dxc5 Nxc5 {1-0 (45) Rublevsky,S (2695)-Grischuk,A (2779) Khanty-Mansiysk 2013}) 10. Nfe1 c5 11. g4 Nh4 12. f4 Be4 13. Bd3 Bxd3 14. Qxd3 cxd4 15. cxd4 f5 16. exf6 Nxf6 17. f5 {[#] Strongly threatening Bg5.} Ne4 (17... Be7 $5 {[%cal Re8g8]}) 18. fxe6 {And now Qb5+ would win.} Qb6 19. Ne3 $36 {[%cal Bc2e3,Be3d5,Bd5c7][%mdl 2080] Black is under pressure.} Qxe6 20. Qb5+ Qc6 21. Qxd5 Qxd5 22. Nxd5 {next Bf4 is good for White.} Rd8 (22... Bd6 $11 {remains equal.}) 23. Nc7+ $16 Kd7 {[#]} 24. Rf7+ $1 {[%cal Bf1f7,Bf7e7,Be7e5][%mdl 32]} Be7 25. Nd5 Ke6 $2 {[%mdl 8192]} (25... Rde8 $16 {is a better chance.}) 26. Rxe7+ $18 Kxd5 27. Re5+ Kxd4 28. Bf4 Nf6 (28... Ng6 $18) 29. Rd1+ {White mates.} Kc4 30. Rc1+ Kd4 31. Rc3 {Precision: White = 66%, Black = 30%.} 1-0